| 000 | 00708nam a2200193 i 4500 | ||
|---|---|---|---|
| 001 | 20705 | ||
| 003 | ES-MaACL | ||
| 005 | 20230906152340.0 | ||
| 007 | t| | ||
| 008 | 021115s1964 sp ||||1| spa d | ||
| 245 | 0 | 0 |
_aActas de las juntas y diputaciones del Principado de Asturias _b: (1652-1672) / _ctranscripción e índices por Mª Dolores Andújar Polo. |
| 260 |
_aOviedo : _bDiputación, Instituto de Estudios Asturianos, _c1964. |
||
| 300 |
_a358 p. ; _c24 cm. |
||
| 505 | 8 | _aT. VII. | |
| 700 | 1 |
_aAndújar Polo, María Dolores. _921686 |
|
| 710 | 1 |
_aOviedo (Provincia). _bDiputación Provincial. _96085 |
|
| 710 | 2 |
_aInstituto de Estudios Asturianos. _94889 |
|
| 852 |
_aES-MaACL _jC-30168 _bR.57914 |
||
| 999 |
_c20705 _d20705 |
||